| 000 | 00335nam a22001217a 4500 | ||
|---|---|---|---|
| 020 | _a9781520971148 | ||
| 082 |
_a510.71 _bBEK |
||
| 100 | _aBektas, Mentin | ||
| 245 |
_aGreat Formulas Explained : _bphysics, Mathematics, economics / _cMetin Bektas |
||
| 260 |
_aUSA _bMetin Bektas _c2013. |
||
| 300 | _a133p. ; | ||
| 942 |
_2ddc _cBK |
||
| 999 |
_c594269 _d594269 |
||